000 01019cam a2200289 a 4500
999 _c478316
_d478316
001 13403326
003 NUST
005 20180521063532.0
008 031114s2005 maua 001 0 eng
010 _a 2003067466
020 _a0072875879
040 _aDLC
_cDLC
_dDLC
050 0 0 _aBC61
_b.L28 2005
082 0 0 _a160
_222
100 1 _aLayman, C. Stephen
_q(Charles Stephen),
_d1950-
_910400
245 1 4 _aThe power of logic /
_cC. Stephen Layman.
250 _a3rd ed.
260 _aBoston :
_bMcGraw-Hill,
_cc2005.
300 _aix, 598 p. :
_bill. (some col.) ;
_c24 cm.
500 _aIncludes index.
650 0 _aLogic.
_93562
856 4 2 _3Publisher description
_uhttp://www.loc.gov/catdir/description/mh051/2003067466.html
856 4 1 _3Table of contents
_uhttp://www.loc.gov/catdir/toc/mh041/2003067466.html
906 _a7
_bcbc
_corignew
_d1
_eocip
_f20
_gy-gencatlg
942 _2ddc
_cBK